Christmas Song Quiz - Statistics

General Stats
  • This quiz has been taken 3,102 times
    3,093 since last reset
  • The average score is 12 of 20
Answer Stats
Lyric Song Name % Correct
And if you ever saw it, you would even say it glowed! Rudolph the Red-Nosed Reindeer
91%
I don't want a lot for Christmas All I Want For Christmas Is You
84%
You better watch out, you better not cry Santa Claus Is Coming To Town
84%
On the first day of Christmas Twelve Days Of Christmas
82%
Jingle all the way Jingle Bells
81%
All is calm, all is bright Silent Night
80%
With a corncob pipe and a button nose, and two eyes made of coal Frosty the Snowman
79%
Good tidings we bring, to your and your kin We Wish You A Merry Christmas
76%
Oh the weather outside is frightful Let it Snow, Let it Snow, Let it Snow
74%
Sleigh bells ring, are you listening? Winter Wonderland
72%
Tis the season to be jolly Deck The Halls
71%
Where the treetops glisten and children listen to hear sleigh bells in the snow White Christmas
56%
She didn't see me creep down the stairs to have a peek I Saw Mommy Kissing Santa Claus
53%
Feed the World Do They Know It's Christmas?
41%
Mistletoe hung where you can see, every couple tries to stop Rockin' Around The Christmas Tree
39%
So this is Christmas and what have you done Happy Xmas (War Is Over)
34%
But the prettiest sight to see is the holly that will be It's Beginning To Look A Lot Like Christmas
34%
And the boys from the NYPD choir were singing Galway Bay Fairytale of New York
32%
Are you hanging up your stocking on the wall? Merry Christmas
32%
Top to toe in tail-lights Driving Home For Christmas
19%
No matching quizzes found
Score Distribution
Percent of People with Each Score
Percentile by Number Answered
Your Score History
You have not taken this quiz since the last reset